000 00787nam a22002297a 4500
005 20100820143850.0
010 _aENG-101135
020 _c15.00
_a9788190641548
035 _aEN-84668
037 _bDBAD/PUB
082 _a335.00973
100 _aBose, Deepayan
_916885
245 _aImmortal are the flames of proletarian struggles /
_cby Deepayan Bose
260 _aLucknow
_bRahul Foundation
_c2008
270 _a69, Baba Ka Purwa, Paper Mill Road, Nishatgunj
_bLucknow
_e226006
300 _a48 p.
_c22cm (Pbk)
650 _aSocialism
_916886
700 _915693
700 _915729
942 _2ddc
_cEN
_mBOS
_h335.00973
999 _c42788
_d42788